Q.E.D. Indian test theory / (Record no. 158459)

MARC details
000 -LEADER
fixed length control field 00619nam a22001937a 4500
005 - DATE AND TIME OF LATEST TRANSACTION
control field 20181030121621.0
010 ## - LCCN (DPL NO)
LC control number ENG-124407
020 ## - INTERNATIONAL STANDARD BOOK NUMBER
International Standard Book Number 9780199476510
Terms of availability 695.00
035 ## - SYSTEM CONTROL NUMBER
System control number EN-107939
037 ## - SOURCE OF ACQUISITION
Source of stock number/acquisition DBAD/PUB
082 ## - DEWEY DECIMAL CLASSIFICATION NUMBER
Classification number 301.0954
100 ## - MAIN ENTRY--PERSONAL NAME
Personal name Gupta, Dipankar
245 ## - TITLE STATEMENT
Title Q.E.D. Indian test theory /
Statement of responsibility, etc by Dipankar Gupta
260 ## - PUBLICATION, DISTRIBUTION, ETC. (IMPRINT)
Place of publication, distribution, etc New Delhi
Name of publisher, distributor, etc Oxford University Press
Date of publication, distribution, etc 2017
270 ## - ADDRESS
City New Delhi
Postal code 110002
Address 2/11 Ground Floor, Ansari Road, Daryaganj,
300 ## - PHYSICAL DESCRIPTION
Extent xi,224p
Dimensions 22cm.(Hb)
500 ## - GENERAL NOTE
General note It includes references, index and about the author
942 ## - ADDED ENTRY ELEMENTS (KOHA)
Source of classification or shelving scheme Dewey Decimal Classification
Item type English Books
Classification part 301.0954
Call number suffix GUP
Holdings
Withdrawn status Lost status Not for loan Collection code Home library Current library Date acquired Source of acquisition Cost, normal purchase price Full call number Barcode Copy number Cost, replacement price Koha item type
    Not For Loan Non-fiction D.B.Act.Division Bawana 30/10/2018 DBAD/PUB 695.00 301.0954 GUP EN-107939 1 695.00 English Books

© Delhi Public Library
Hit Counter
free hit counter